| 000 | 00000nam##2200000za#4500 |
| 001 | 9.669849 |
| 003 | CaOODSP |
| 005 | 20210615125109 |
| 007 | ta |
| 008 | 150407|2008||||xxc||||| f|0| 0 eng|d |
| 020 | |a978-0-662-05546-4 |
| 040 | |aCaOODSP|beng |
| 041 | |aeng |
| 041 | |afre |
| 043 | |an-cn--- |
| 086 | 1 |aV32-105/2008 |
| 110 | 1 |aCanada. |bVeterans Affairs Canada. |
| 245 | 10|aCanada remembers the Korean War |
| 260 | |aOttawa - Ontario : |bVeterans Affairs Canada |cc2008. |
| 300 | |aEnglish text, [2]p. : |billus. ; |c28 cm. |
| 563 | |aPamphlet |
| 590 | |a08-44|b2008-10-31 |
| 690 | 07|aCommemoration|2gcpds |
| 776 | 0#|tLe Canada se souvient de la Guerre de Corée |w(CaOODSP)9.635881 |
| 776 | 0#|tCanada remembers the Korean War |w(CaOODSP)9.691553 |
| 792 | |tLe Canada se souvient de la Guerre de Corée |efre|w(CaOODSP)9.669850 |